Welcome to the Holygrace Academy Library

Please use search bar below to get started

STOCKING STUMPERS (Record no. 7624)

MARC details
000 -LEADER
fixed length control field 00257nam a22001097a 4500
082 ## - DEWEY DECIMAL CLASSIFICATION NUMBER
Classification number 823
Item number CLA/S
100 ## - MAIN ENTRY--AUTHOR NAME
Personal name CLAVS, S
245 ## - TITLE STATEMENT
Title STOCKING STUMPERS
260 ## - PUBLICATION, DISTRIBUTION, ETC. (IMPRINT)
Place of publication UNITED STATES
Name of publisher RED LETTER PRESS
Year of publication 2003
650 ## - SUBJECT ADDED ENTRY--TOPICAL TERM
Topical Term ENGLISH STORY
Geographic subdivision UNITED STATES
942 ## - ADDED ENTRY ELEMENTS (KOHA)
Koha item type Books
Holdings
Withdrawn status Lost status Collection code Home library Current library Date acquired Source of acquisition Full call number Accession Number Koha item type
Withdrawn Damaged Item Fiction Main Library Main Library 04/04/2006 purchase 823 CLA/S 00993 Books